Plan of the Parish of St. Mary, Kensington including Old and New Brompton and the north side of Little Chelsea, also showing Kensington Palace, Gardens, and part of Hyde Park (Record no. 116852)
[ view plain ]
| 000 -LEADER | |
|---|---|
| fixed length control field | 01230cem a22002415a 4500 |
| 001 - CONTROL NUMBER | |
| control field | L140365 |
| 008 - FIXED-LENGTH DATA ELEMENTS--GENERAL INFORMATION | |
| fixed length control field | 070919r19341822xxk a 0 f eng u |
| 035 ## - SYSTEM CONTROL NUMBER | |
| System control number | (Sirsi) u140365 |
| 041 0# - LANGUAGE CODE | |
| Language code of text/sound track or separate title | eng |
| 110 2# - MAIN ENTRY--CORPORATE NAME | |
| Corporate name or jurisdiction name as entry element | London Topographical Society |
| 9 (RLIN) | 106 |
| 245 00 - TITLE STATEMENT | |
| Title | Plan of the Parish of St. Mary, Kensington including Old and New Brompton and the north side of Little Chelsea, also showing Kensington Palace, Gardens, and part of Hyde Park |
| Remainder of title | reduced from the actual survey completed in the year 1822 by Messrs. Bassett, Christian and Hodgkinson |
| Medium | [cartographic material] |
| 250 ## - EDITION STATEMENT | |
| Edition statement | Facsim. |
| 255 ## - CARTOGRAPHIC MATHEMATICAL DATA | |
| Statement of scale | Scale 1:4752 |
| 260 ## - PUBLICATION, DISTRIBUTION, ETC. | |
| Place of publication, distribution, etc. | London |
| Name of publisher, distributor, etc. | London Topographical Society |
| Date of publication, distribution, etc. | 1934 |
| 300 ## - PHYSICAL DESCRIPTION | |
| Extent | 1 map |
| Dimensions | 70 x 87 cm., folded to 70 x 47 cm. + |
| Accompanying material | 1 sheet (38 cm.) |
| 500 ## - GENERAL NOTE | |
| General note | Facsimile map is accompanied by 'Notes on Plan of the Parish of Kensington, 1822' by A. Heywood Jones, Chief Librarian at the Royal Borough of Kensington. |
| 500 ## - GENERAL NOTE | |
| General note | Map is dedicated to Henry Richard Vassal Fox, Baron Holland, Baron Foxley of Foxley. |
| 500 ## - GENERAL NOTE | |
| General note | Engraved by Thomas Starling. |
| 651 4# - SUBJECT ADDED ENTRY--GEOGRAPHIC NAME | |
| Geographic name | London |
| 690 ## - LOCAL SUBJECT ADDED ENTRY--TOPICAL TERM (OCLC, RLIN) | |
| Topical term or geographic name as entry element | ENVIRONMENTAL AND LAND CONSULTANCY-GEOMATICS-MAPPING AND POSITIONING-CARTOGRAPHY |
| 700 1# - ADDED ENTRY--PERSONAL NAME | |
| Personal name | Starling, Thomas |
| 942 ## - ADDED ENTRY ELEMENTS (KOHA) | |
| Suppress in OPAC | 0 |
| Withdrawn status | Lost status | Source of classification or shelving scheme | Damaged status | Not for loan | Home library | Current library | Shelving location | Date acquired | Total Checkouts | Full call number | Barcode | Date last seen | Copy number | Price effective from | Koha item type |
|---|---|---|---|---|---|---|---|---|---|---|---|---|---|---|---|
| Dewey Decimal Classification | Historic collection | Historic collection | Historic collection | 19/09/2007 | MAP CABINET DRAWER 4 | 140365-2001 | 06/08/2019 | 1 | 06/08/2019 | Archive |